000 00267nam a2200121Ia 4500
008 190216s9999||||xx |||||||||||||| ||und||
100 _aChummar Choodnal
245 0 _aMannan
260 _bPoorna Pubs Kozhikode
300 _a138
650 _aKavithkal
942 _cBK
999 _c26970
_d26970